000 00754nam a2200265Ia 4500
005 20260121170440.0
008 008 260114s9999 xx 000 0 eng d
020 _a9783319701578
037 _aEBOOK
040 _aCRL
040 _beng
040 _cCRL
041 _2eng
041 _aeng
084 _qCRL
100 _aWojciech Chachólski, Tobias Dyckerhoff, John Greenlees, Greg Stevenson, Dolors Herbera, Wolfgang Pitsch, Santiago Zarzuela
_91064026
245 0 _aBuilding Bridges Between Algebra and Topology
260 _bSpringer
260 _bSpringer
260 _c2018
856 _uhttps://link.springer.com/openurl?genre=book&isbn=978-3-319-70157-8
942 _cEBOOK
999 _c1629755
_d1629755